| 000 | 00392nam a2200169Ia 4500 | ||
|---|---|---|---|
| 008 | 210210b xxu||||| |||| 00| 0 eng d | ||
| 041 | _aeng | ||
| 082 | _a828/739 | ||
| 100 | _aG A NATESAN AND COMPANY | ||
| 245 | _aRamesh Chunder Dutt | ||
| 260 |
_aMadras _bG A Natesan and Company _c |
||
| 650 | _aRamesh | ||
| 650 | _aDutt | ||
| 650 | _aChunder | ||
| 690 | _aBiography | ||
| 906 | _a016584 | ||
| 999 |
_c136196 _d136196 |
||